Hargreaves : the alchemy of landscape architecture (Record no. 7868)

000 -LEADER
fixed length control field 00408nam a22001577a 4500
003 - CONTROL NUMBER IDENTIFIER
control field OSt
005 - DATE AND TIME OF LATEST TRANSACTION
control field 20200527132441.0
008 - FIXED-LENGTH DATA ELEMENTS--GENERAL INFORMATION
fixed length control field 200527b ||||| |||| 00| 0 eng d
020 ## - INTERNATIONAL STANDARD BOOK NUMBER
International Standard Book Number 9780500514993
082 ## - DEWEY DECIMAL CLASSIFICATION NUMBER
Classification number 712.0922
Item number HAR
100 ## - MAIN ENTRY--PERSONAL NAME
Personal name Hargreaves, George
245 ## - TITLE STATEMENT
Title Hargreaves : the alchemy of landscape architecture
250 ## - EDITION STATEMENT
Edition statement New ed. edition
260 ## - PUBLICATION, DISTRIBUTION, ETC. (IMPRINT)
Place of publication, distribution, etc UK
Name of publisher, distributor, etc Thames & Hudson
Date of publication, distribution, etc 2009
942 ## - ADDED ENTRY ELEMENTS (KOHA)
Source of classification or shelving scheme
Holdings
Withdrawn status Lost status Source of classification or shelving scheme Damaged status Koha normalized classification for sorting Not for loan Permanent location Current location Date acquired Full call number Barcode Date last seen Price effective from Koha item type
        712_092200000000000_HAR   BMS College of Architecture, Design and Planning BMS College of Architecture, Design and Planning 2020-05-27 712.0922 HAR AR-PG239 2020-05-27 2020-05-27 PG Books
Copyright © 2025, The Librarian, Library and Information Centre, BMSCA D&P, Bengaluru. All Rights Reserved
web counter

Powered by Koha